Preparation and properties of highly purified rubber (Record no. 65567)

MARC details
000 -LEADER
fixed length control field 00345nam a2200109Ia 4500
100 ## - MAIN ENTRY--AUTHOR NAME
Personal name Martin G
245 #0 - TITLE STATEMENT
Title Preparation and properties of highly purified rubber
260 ## - PUBLICATION, DISTRIBUTION, ETC. (IMPRINT)
Name of publisher Proceedings of the 2nd Rubber Technology Conference, London, 1948; p319-326
650 ## - SUBJECT ADDED ENTRY--TOPICAL TERM
Topical Term Purified rubber
942 ## - ADDED ENTRY ELEMENTS (KOHA)
Koha item type Journals
Holdings
Withdrawn status Lost status Damaged status Not for loan Home library Current library Shelving location Date acquired Koha item type
      Journals RRII Library RRII Library Rubber chemistry 17/12/2021 Journals